[Event "HAWAII  2"]
[Site "www.echecsemail.com"]
[Date "2026.01.19"]
[Round "1"]
[White "Skalfa"]
[Black "Jyfsk"]
[WhiteElo "1880"]
[BlackElo "1830"]
[Result "1/2-1/2"]
1.e4 c5
2.Ng1f3 d6
3.c3 Ng8f6
4.d3 e6
5.Bf1e2 Bf8e7
6.O-O O-O
7.Bc1g5 Nb8c6
8.Nb1d2 Bc8d7
9.h3 a6
10.Nf3h2 b5
11.f4 Nf6e8
12.Nd2f3 Be7xg5
13.Nf3xg5 f6
14.Ng5f3 g6
15.d4 cxd4
16.cxd4 Ne8g7
17.d5 Nc6e7
18.dxe6 Bd7xe6
19.Nf3d4 Qd8d7
20.Nd4xe6 Qd7xe6
21.Be2f3 Rf8d8
22.Nh2g4 h5
23.Ng4h6 Kh7
24.f5 gxf5
25.exf5 Qe6e3
26.Kh1 Qe3xh6
27.Bf3xa8 Rd8xa8
28.Qd1xd6 Ne7xf5
29.Qd6d7 Nf5g3
30.Kg1 Ng3xf1
31.Ra1xf1 Qh6e3
32.Kh1 Kg6
33.Qd7c6 Ra8f8
34.Qc6xa6 Qe3e2
35.Rf1b1 Rf8d8
36.a4 Rd8d1
37.Rb1xd1 Qe2xd1
38.Kh2 Qd1xa4
39.Qa6xa4 bxa4
40.Kg3 Ng7f5
41.Kf2 Nf5d4
42.g3 Nd4c2
43.Ke2 f5
44.Kd3 Nc2e1
45.Kc3 Kg5
46.Kb4 f4
47.gxf4 Kxf4
48.Kxa4 Kg3
49.b4 Ne1d3
50.b5 Nd3e5
51.b6 Ne5d7
52.b7 Kxh3
53.Kb5 Kg4
54.Kc6 Nd7b8
55.Kc7 Nb8a6
{ nul }1/2-1/2

[Event "Memorial Lara CIII"]
[Site "www.echecsemail.com"]
[Date "2026.01.19"]
[Round "1"]
[White "Orosco"]
[Black "Leredoutable"]
[WhiteElo "2270"]
[BlackElo "1760"]
[Result "1-0"]
1.e4 e5
2.Ng1f3 Nb8c6
3.Bf1b5 Ng8f6
4.Qd1e2 Bf8c5
5.c3 O-O
6.O-O Rf8e8
7.d3 a6
8.Bb5xc6 bxc6
9.Bc1e3 Bc5xe3
10.Qe2xe3 d5
11.Nb1d2 Nf6g4
12.Qe3e2 Ra8b8
13.h3 Ng4f6
14.b4 Nf6d7
15.Nd2b3 Nd7b6
16.a4 Qd8f6
17.a5 Nb6d7
18.Qe2e3 Bc8b7
19.Ra1a2 Qf6e7
20.Rf1e1 Nd7f6
21.Nb3c5 Bb7c8
22.exd5 cxd5
23.Nf3xe5 Bc8b7
24.Ne5d7 Qe7xe3
25.Nd7xf6 gxf6
26.Re1xe3 Kg7
27.Re3xe8 Rb8xe8
28.Nc5xb7 Re8e1
29.Kh2 Re1c1
30.Nb7c5 Rc1xc3
31.Nc5xa6 c6
32.Ra2d2 f5
33.Na6c5 Kg6
34.f4 Kf6
35.Nc5d7 Ke7
36.Nd7c5 Kd6
37.d4 f6
38.a6 Kc7
39.Rd2a2 Kb8
40.a7 Ka8
41.Nc5e6 Rc3c4
42.Ne6c7 { abandon }1-0

[Event "Tournoi n27295"]
[Site "www.echecsemail.com"]
[Date "2026.01.19"]
[Round "1"]
[White "Jlr"]
[Black "Kaelstrum"]
[WhiteElo "1380"]
[BlackElo "1470"]
[Result "0-1"]
1.e4 e5
2.Ng1f3 Ng8f6
3.Bf1c4 Nf6xe4
4.O-O d6
5.d3 Ne4c5
6.h4 Bc8g4
7.Bc1g5 Bf8e7
8.Qd1d2 Bg4xf3
9.gxf3 Qd8d7
10.Nb1c3 Nb8c6
11.Nc3d5 Be7xg5
12.Qd2xg5 f6
13.Qg5h5 g6
14.Nd5xf6 Ke7
15.Qh5g5 Qd7h3
16.Nf6d5 Kd7
17.Nd5f6 Kc8
18.Nf6g4 Nc6d4
19.Ng4h2 b5
20.Bc4d5 c6
21.Qg5f6 Rh8d8
22.Bd5xc6 Nd4xc6
23.Kh1 Kb7
24.Qf6g7 Rd8d7
25.Qg7h6 Ra8e8
26.Qh6g5 Rd7f7
27.Qg5g1 Rf7xf3
28.Qg1g5 Re8f8
29.Kg1 Rf3f4
30.Kh1 Rf4xh4
31.d4 Qh3xh2
0-1

[Event "XERTIGNY  VOSGES"]
[Site "www.echecsemail.com"]
[Date "2026.01.19"]
[Round "1"]
[White "Legrillon"]
[Black "Rachess"]
[WhiteElo "1710"]
[BlackElo "1560"]
[Result "1-0"]
1.e4 e5
2.Ng1f3 Ng8f6
3.Bf1c4 Nf6xe4
4.d3 Ne4d6
5.Nf3xe5 Nd6xc4
6.dxc4 Bf8c5
7.Ne5f3 O-O
8.O-O c6
9.a3 a5
10.Rf1e1 d5
11.Qd1d3 g6
12.Bc1e3 Nb8a6
13.c3 Bc8f5
14.Qd3e2 dxc4
15.Qe2xc4 Bf5d3
16.Qc4f4  { temps }1-0

[Event "Défi( 10J+24H/c 10J Max )"]
[Site "www.echecsemail.com"]
[Date "2026.01.19"]
[Round "1"]
[White "Cavalierfou"]
[Black "Pascalou50"]
[WhiteElo "1790"]
[BlackElo "1830"]
[Result "0-1"]
1.e4 e6
2.d4 d5
3.Bf1d3 c5
4.Bd3b5 Bc8d7
5.Nb1c3 a6
6.Bb5e2 cxd4
7.Qd1xd4 Nb8c6
8.Qd4d1 d4
9.Nc3b1 Ng8f6
10.Bc1g5 Bf8e7
11.Bg5xf6 Be7xf6
12.Ng1f3 e5
13.h3 O-O
14.O-O Ra8c8
15.c3 dxc3
16.Nb1xc3 Bd7e6
17.b3 Qd8xd1
18.Ra1xd1 Nc6b4
19.Rd1d2 Rc8xc3
20.Be2d1 Rf8c8
21.h4 g6
22.Nf3e1 Kg7
23.f3 Bf6xh4
24.a3 Bh4xe1
25.Rf1xe1 Be6xb3
26.axb4 Rc3c1
27.Kf2 Rc1xd1
28.Re1xd1 Bb3xd1
29.Rd2xd1 Rc8c7
30.Rd1d2 f6
31.Ke2 f5
32.Ke3 f4
33.Kd3 Rc7d7
34.Kc3 Rd7xd2
35.Kxd2 b5
36.Kd3 Kf6
37.Kc3 h5
38.Kd3 g5
39.Kd2 g4
40.Ke2 Kg5
41.Kf1 Kh4
42.Kf2 g3
43.Kf1 Kg5
44.Kg1 Kf6
45.Kf1 h4
46.Ke1 Ke6
47.Kf1 Kd6
48.Ke1 Kc6
49.Kf1 Kb6
50.Ke1 a5
51.bxa5 Kxa5
52.Ke2 b4
53.Kd2 h3
{ abandon }0-1

[Event "Coupe Niveau 4"]
[Site "www.echecsemail.com"]
[Date "2026.01.19"]
[Round "1"]
[White "Filosofia"]
[Black "Djayphil"]
[WhiteElo "2110"]
[BlackElo "2040"]
[Result "0-1"]
1.Ng1f3 Ng8f6
2.b3 g6
3.Bc1b2 Bf8g7
4.c4 O-O
5.d4 d5
6.Nb1d2 c6
7.e3 Nb8d7
8.Bf1e2 Qd8c7
9.O-O Rf8e8
10.h3 e6
 { temps }0-1

[Event "Marmotte chess  3"]
[Site "www.echecsemail.com"]
[Date "2026.01.19"]
[Round "1"]
[White "4x4"]
[Black "Kaelstrum"]
[WhiteElo "1500"]
[BlackElo "1490"]
[Result "0-1"]
1.d4 Ng8f6
2.e3 d5
3.Ng1f3 Bc8f5
4.Bf1d3 Bf5g6
5.Bd3xg6 hxg6
6.Nb1c3 e6
7.Bc1d2 Bf8d6
8.Qd1e2 Nb8d7
9.O-O-O c5
10.g3 cxd4
11.Nf3xd4 a6
12.f4 Nd7c5
13.a3 b5
14.b4 Nc5e4
15.Nc3xe4 Nf6xe4
16.c3 Ra8c8
17.Kb2 Ne4xd2
18.Qe2xd2 Qd8d7
19.Nd4b3 O-O
20.h4 Qd7e7
21.Nb3c5 Bd6xc5
22.bxc5 Rc8xc5
23.g4 Rf8c8
24.Rd1c1 Qe7d6
25.Rc1c2 Rc5c4
26.Rh1c1 Rc4a4
27.c4 Qd6xa3
28.Kb1 Qa3a1
0-1

[Event "Coupe Niveau 2"]
[Site "www.echecsemail.com"]
[Date "2026.01.19"]
[Round "1"]
[White "Domenico"]
[Black "Woluwe1975"]
[WhiteElo "1760"]
[BlackElo "1630"]
[Result "1/2-1/2"]
1.e4 e6
2.Bf1c4 c5
3.Ng1f3 Nb8c6
4.O-O a6
5.c3 d6
6.d4 cxd4
7.Nf3xd4 Nc6e5
8.Bc4b3 Ng8f6
9.Bc1f4 Ne5g6
10.Bf4g3 e5
11.Nd4f5 b5
12.c4 Bc8xf5
13.exf5 Ng6e7
14.cxb5 axb5
15.Qd1f3 d5
16.Bg3xe5 Ne7c6
17.Be5g3 Bf8e7
18.Rf1e1 O-O
19.Nb1c3 Nc6d4
20.Qf3d1 Nd4xf5
21.Qd1f3 Nf5d4
22.Qf3f4 Nd4xb3
23.axb3 Be7c5
24.Nc3xb5 Nf6h5
25.Ra1xa8 Qd8xa8
26.Qf4c1 Nh5xg3
27.Qc1xc5 Ng3e4
28.Qc5c7 Ne4d2
29.Nb5d6 Nd2xb3
30.h4 Qa8a5
31.Qc7e7 Qa5a8
32.h5 Nb3d4
33.Re1c1 h6
34.b4 Nd4b3
35.Rc1c3 Qa8a1
36.Kh2 Qa1xc3
37.b5 Nb3c5
38.b6 Nc5e4
39.Nd6xe4 dxe4
40.Qe7xe4 Qc3f6
41.Qe4e3 Qf6d6
42.g3 Qd6b8
43.f4 f5
44.Qe3b3 Kh8
45.b7 Kh7
46.Qb3d5 Kh8
47.Kh3 Kh7
48.Kh2 Rf8f6
49.Kh3 Kh8
50.Qd5d7 Rf6f8
{ nul }1/2-1/2

[Event "OAHU 2"]
[Site "www.echecsemail.com"]
[Date "2026.01.19"]
[Round "1"]
[White "Yab414"]
[Black "Petitlulu64"]
[WhiteElo "1640"]
[BlackElo "1740"]
[Result "0-1"]
1.e4 e5
2.Ng1f3 Nb8c6
3.a3 Bf8c5
4.Bf1b5 Ng8f6
5.Bb5xc6 dxc6
6.Nf3xe5 O-O
7.O-O Rf8e8
8.Ne5d3 Bc5d4
9.Nd3c5 Bd4xc5
10.d3 Bc8g4
11.Bc1g5 Bg4xd1
12.Rf1xd1 Re8e5
13.Bg5xf6 Qd8xf6
14.Rd1f1 Re5g5
15.Nb1d2 Qf6g6
16.g3 h5
17.Nd2f3 f6
18.Nf3xg5 Qg6xg5
19.Kg2 h4
20.b4 hxg3
21.hxg3 Bc5d4
22.Ra1b1 Kf7
23.f4 Qg5g4
24.Rf1e1 Bd4c3
25.b5 Bc3xe1
26.Rb1xe1 Ra8h8
27.f5 Qg4h3
28.Kf3 Qh3h2
29.Re1e2 Qh2h1
30.Ke3 Rh8h2
31.Kd2 Rh2xe2
32.Kxe2 cxb5
33.c3 Qh1g2
34.Ke3 Qg2xg3
35.Kd4 c5
36.Kxc5 Qg3xd3
37.Kb4 Qd3c4
38.Ka5 Qc4a4
0-1

[Event "Eq:Les Rois du Succes-Pirates du Mat :"]
[Site "www.echecsemail.com"]
[Date "2026.01.19"]
[Round "1"]
[White "Degun"]
[Black "Oscar"]
[WhiteElo "1970"]
[BlackElo "1940"]
[Result "0-1"]
1.e4 e5
2.Ng1f3 Nb8c6
3.Bf1c4 Bf8e7
4.O-O Ng8f6
5.d4 exd4
6.Nf3xd4 O-O
7.Nd4f5 d6
8.Qd1f3 Nc6e5
9.Qf3b3 Nf6xe4
10.Nf5xe7 Qd8xe7
11.Rf1e1 Ne4c5
12.Qb3c3 Qe7d8
13.f4 Ne5xc4
14.Qc3xc4 Rf8e8
15.Qc4f1 Bc8f5
16.Nb1a3 Qd8f6
17.Na3b5 Re8xe1
18.Qf1xe1 c6
19.Nb5c3 d5
20.b4 Nc5e4
21.Bc1b2 Qf6d4
22.Kf1 Qd4xb4
23.Ra1b1 Qb4c4
24.Kg1 Qc4d4
25.Kh1 Ne4f2
26.Kg1 Nf2d3
27.Kf1 Nd3xe1
{ abandon }0-1

[Event "Coupe Niveau 4"]
[Site "www.echecsemail.com"]
[Date "2026.01.19"]
[Round "1"]
[White "Elghribi"]
[Black "Filosofia"]
[WhiteElo "1890"]
[BlackElo "2110"]
[Result "1-0"]
1.e4 c6
2.d4 d5
3.e5 c5
4.c3 Nb8c6
5.Bf1b5 cxd4
6.cxd4 Bc8f5
7.Bb5d3 Bf5xd3
8.Qd1xd3 e6
9.Ng1f3 Ng8e7
10.a3 Ne7f5
11.Nb1c3 h5
12.b4 a6
13.Bc1b2 Bf8e7
14.O-O  { temps }1-0

[Event "Coupe Niveau 2"]
[Site "www.echecsemail.com"]
[Date "2026.01.19"]
[Round "1"]
[White "Panchoa"]
[Black "Woluwe1975"]
[WhiteElo "1620"]
[BlackElo "1640"]
[Result "1-0"]
1.e4 e5
2.Nb1c3 c6
3.Ng1f3 d6
4.Bf1c4 Bf8e7
5.O-O Ng8f6
6.d3 h6
7.d4 O-O
8.dxe5 dxe5
9.Qd1xd8 Rf8xd8
10.Nf3xe5 Bc8e6
11.Bc1e3 Nb8d7
12.Bc4xe6 Nd7xe5
13.Be6h3 g5
14.f4 Ne5c4
15.Be3d4 Rd8xd4
16.fxg5 hxg5
17.Rf1f5 Nf6h7
18.Ra1f1 Nc4e3
19.Rf5xf7 Ne3xf1
20.Rf7xe7 Nf1e3
21.Bh3e6 Kh8
22.Re7xb7 Ne3xc2
23.Be6f5 Kg8
24.Bf5xh7 Kf8
25.e5 Nc2e3
26.e6 Ne3d5
27.Nc3xd5 Rd4xd5
28.Rb7f7 Ke8
29.Bh7g6 Kd8
30.Rf7f8 Ke7
31.Rf8xa8 Rd5d6
32.Bg6f5 c5
33.Ra8xa7 Ke8
34.Bf5g6 Kd8
35.e7 { abandon }1-0

[Event "Défi"]
[Site "www.echecsemail.com"]
[Date "2026.01.19"]
[Round "1"]
[White "Kiki38"]
[Black "Prince"]
[WhiteElo "1490"]
[BlackElo "1860"]
[Result "0-1"]
1.e4 e5
2.Bf1c4 Ng8f6
3.Ng1f3 d6
4.d3 Bf8e7
5.O-O O-O
6.Nb1c3 c6
7.a3 a6
8.b4 b5
9.Bc4a2 Bc8b7
10.Bc1b2 Nb8d7
11.a4 Nd7b6
12.a5 Nb6d7
13.Nc3e2 c5
 { temps }0-1

[Event "Tournoi n27302"]
[Site "www.echecsemail.com"]
[Date "2026.01.19"]
[Round "1"]
[White "Caraca2"]
[Black "Gonzok67"]
[WhiteElo "1730"]
[BlackElo "1840"]
[Result "0-1"]
1.Ng1f3 Ng8f6
2.Nb1c3 c5
3.e4 e6
4.Bf1b5 a6
5.Bb5a4 b5
6.Nc3xb5 axb5
7.Ba4xb5 Nf6xe4
8.d3 Ne4f6
9.c4 Bf8d6
10.Bc1g5 O-O
11.O-O Bc8a6
12.a4 Bd6e7
13.h3 Qd8c7
14.Rf1e1 Ba6xb5
15.cxb5 d5
16.b3 Nb8d7
17.Ra1c1 Qc7b6
18.Nf3e5 Nd7xe5
19.Re1xe5 Rf8e8
20.Qd1d2 Nf6d7
21.Re5e2 f6
22.Bg5e3 d4
23.Be3f4 e5
24.Bf4g3 Be7d6
25.Rc1e1 Qb6c7
26.f4 Kh8
27.f5 Re8e7
28.Re2e4 Nd7f8
29.Re4h4 Qc7c8
30.Re1f1 Qc8c7
31.Bg3h2 Nf8d7
32.Qd2e2 Nd7b6
33.Qe2h5 h6
34.Rf1f3 Nb6d5
35.Rf3f2 Nd5b4
 { temps }0-1

[Event "Tournoi n27335"]
[Site "www.echecsemail.com"]
[Date "2026.01.19"]
[Round "1"]
[White "Breitenbach"]
[Black "Ponaparte"]
[WhiteElo "2250"]
[BlackElo "2160"]
[Result "1-0"]
1.e4 c5
2.Ng1f3 a6
3.c4 Nb8c6
4.d4 cxd4
5.Nf3xd4 Ng8f6
6.Nb1c3 e5
7.Nd4f5 d5
8.cxd5 Bc8xf5
9.exf5 Nc6d4
10.Bc1g5  { temps }1-0

[Event "OAHU 2"]
[Site "www.echecsemail.com"]
[Date "2026.01.19"]
[Round "1"]
[White "Yab414"]
[Black "Tartu"]
[WhiteElo "1640"]
[BlackElo "1730"]
[Result "1-0"]
1.e4 e6
2.Ng1f3 d5
3.exd5 exd5
4.Bf1b5 c6
5.Qd1e2 Bc8e6
6.Bb5d3 Nb8d7
7.O-O Ng8f6
8.Nf3d4 Bf8e7
9.Nd4xe6 fxe6
10.b3 O-O
11.Bc1b2 Nd7c5
12.Nb1c3 Nc5xd3
13.Qe2xd3 e5
14.Qd3h3 b5
15.Nc3e2 d4
16.d3 c5
17.Qh3e6 Kh8
18.Qe6xe5 Be7d6
19.Qe5g5 Qd8c7
20.Ne2g3 Bd6xg3
21.Qg5xg3 Qc7xg3
22.hxg3 Ra8e8
23.a4 b4
24.Ra1e1 a5
25.f3 Re8xe1
26.Rf1xe1 Rf8e8
27.Kf2 h5
28.Re1h1 Kg8
29.Bb2c1 g6
30.Bc1g5 Nf6h7
31.Bg5f4 Re8e6
32.Bf4c7 Nh7f6
33.Bc7xa5 Nf6d5
34.Ba5d8 Kf8
35.Rh1e1 Re6d6
36.Bd8g5 Nd5c3
37.Bg5e7 { abandon }1-0

[Event "Défi"]
[Site "www.echecsemail.com"]
[Date "2026.01.19"]
[Round "1"]
[White "Manulatus"]
[Black "Arno"]
[WhiteElo "1920"]
[BlackElo "1770"]
[Result "1-0"]
1.c4 e5
2.Nb1c3 Bf8c5
3.g3 Nb8c6
4.Bf1g2 Ng8f6
5.e3 O-O
6.Ng1e2 d6
7.O-O Bc8f5
8.d4 Bc5b4
9.Nc3d5 Bb4a5
10.b4 Nf6xd5
11.Bg2xd5 Ba5xb4
12.Bc1b2 Bf5h3
13.Bd5g2 Bh3xg2
14.Kxg2 exd4
15.exd4 d5
16.c5 b6
17.cxb6 axb6
18.Qd1c2 Nc6a5
19.a3 Bb4d6
20.Ne2c3 Na5c4
21.Bb2c1 Qd8f6
22.Nc3xd5 Qf6xd4
23.Rf1d1 Qd4c5
24.Nd5b4 Qc5b5
25.Nb4d3 Nc4e5
26.Nd3xe5 Bd6xe5
27.Ra1b1 Qb5a6
28.Bc1b2 Qa6b7
29.Kg1 Be5xb2
30.Qc2xb2 Qb7a6
31.Rb1a1 Rf8d8
32.Rd1d2 Qa6a5
33.Rd2xd8 Ra8xd8
34.Ra1c1 c5
35.Rc1b1 Rd8b8
36.Qb2e5 Rb8a8
37.Rb1e1 Qa5b5
38.Qe5d5 h6
39.Qd5xa8 Kh7
40.Re1e8 Qb5b1
41.Kg2 Qb1d3
42.Qa8e4 { abandon }1-0

[Event "Tournoi n27403"]
[Site "www.echecsemail.com"]
[Date "2026.01.19"]
[Round "1"]
[White "Wenoketo"]
[Black "Tiounet"]
[WhiteElo "1700"]
[BlackElo "1650"]
[Result "1/2-1/2"]
1.d4 b5
2.Ng1f3 Bc8b7
3.Nb1d2 g6
4.e3 a6
5.Bf1e2 Bf8g7
6.O-O Ng8f6
7.h3 O-O
8.b3 d6
9.Bc1b2 Nb8d7
10.Ra1c1 Ra8c8
11.Nd2b1 Nf6d5
12.Nb1d2 Nd5b4
13.a3 Nb4d5
14.Nd2b1 c5
15.c3 cxd4
16.cxd4 Nd7b6
17.Rc1xc8 Qd8xc8
18.Qd1d2 Qc8d7
19.Rf1c1 Rf8c8
20.Rc1xc8 Qd7xc8
21.Qd2c1 Qc8xc1
22.Bb2xc1 f5
23.Bc1b2 Kf8
24.Nb1c3 Bb7c6
25.Nc3xd5 Nb6xd5
26.Kf1 Nd5f6
27.Nf3e1 Nf6d5
28.Be2f3 e6
29.Ne1d3 Ke7
30.Bf3xd5 Bc6xd5
31.Nd3c1 Kd7
32.b4 Kc6
33.g3 Kb6
34.Ke2 g5
35.f3 h5
36.Kf2 a5
37.Bb2c3 axb4
38.axb4 e5
39.dxe5 dxe5
40.Nc1e2 Kc6
41.f4 gxf4
42.gxf4 Kd6
43.fxe5 Bg7xe5
44.Bc3xe5 Kxe5
45.h4 Ke4
46.Ne2g3 Ke5
47.Ng3xh5 Bd5f7
48.Nh5g3 Bf7g6
49.h5 Bg6h7
50.Kg2 f4
51.exf4 Kxf4
52.Kh3 Ke3
53.Kh4 Kd3
54.Kg5 Kc4
55.Ng3e2 Kxb4
56.Ne2d4 Kc4
57.Nd4xb5 Kxb5
58.Kh6 Bh7b1
59.Kg7 Kc5
{ nul }1/2-1/2

[Event "Défi( 10J+24H/c 10J Max )"]
[Site "www.echecsemail.com"]
[Date "2026.01.19"]
[Round "1"]
[White "Titit1"]
[Black "4x4"]
[WhiteElo "1460"]
[BlackElo "1480"]
[Result "0-1"]
1.d4 d5
2.Bc1f4 e6
3.Ng1f3 Bf8d6
4.Bf4e3 Nb8c6
5.Nb1c3 Bc8d7
6.g3 Qd8e7
7.Bf1g2 O-O-O
8.O-O Ng8f6
9.a3 Nc6b8
10.Be3g5 h6
11.Bg5xf6 gxf6
12.e3 c5
13.b3 c4
14.bxc4 dxc4
15.Qd1c1 b5
16.Qc1b2 a6
17.Rf1e1 h5
18.Nf3d2 Bd7c6
19.Bg2xc6 Nb8xc6
20.Nc3e4 f5
21.Ne4xd6 Rd8xd6
22.Nd2f3 f6
23.c3 e5
24.Ra1d1 e4
25.Nf3d2 Nc6a5
26.Qb2b4 Qe7c7
27.f3 h4
28.f4 hxg3
29.Re1e2 Na5c6
30.Qb4b1 gxh2
31.Re2xh2 Qc7g7
32.Kh1 Rh8xh2
33.Kxh2 Rd6d8
34.Rd1g1 Rd8h8
0-1

[Event "Tournoi n27392"]
[Site "www.echecsemail.com"]
[Date "2026.01.19"]
[Round "1"]
[White "Ozon"]
[Black "Tiounet"]
[WhiteElo "1630"]
[BlackElo "1610"]
[Result "1-0"]
1.e4 a6
2.d4 b5
3.Ng1f3 Bc8b7
4.Bf1d3 Ng8f6
5.Nb1d2 g6
6.e5 Nf6d5
7.Bd3e4 Qd8c8
8.O-O Bf8g7
9.b3 O-O
10.Bc1b2 e6
11.c4 bxc4
12.bxc4 Nd5b4
13.Bb2a3 a5
14.Qd1a4 Nb4c6
15.Ba3xf8 Kxf8
16.Nf3g5 Kg8
17.Qa4a3 Nc6xd4
18.Nd2f3 Nd4xf3
19.Ng5xf3 Bb7xe4
20.Ra1e1 Be4b7
21.Qa3e7 Nb8c6
22.Qe7h4 Nc6b4
23.a4 Bb7xf3
24.gxf3 Nb4d3
25.Re1e2 Nd3xe5
26.Kg2 Qc8a6
27.Rf1c1 c5
28.Qh4e4 Ra8b8
29.Re2d2 Bg7h6
30.Qe4xe5 Rb8b4
31.Rd2xd7 Qa6c8
32.Rc1d1 Rb4b8
33.h4 Bh6f8
34.Qe5f4 f5
35.h5 Rb8b4
36.Rd7d8 Qc8b7
37.Rd1d7 Qb7b6
38.Qf4h6 { abandon }1-0

[Event "BHOUTAN"]
[Site "www.echecsemail.com"]
[Date "2026.01.19"]
[Round "1"]
[White "4x4"]
[Black "Luc20"]
[WhiteElo "1450"]
[BlackElo "1830"]
[Result "0-1"]
1.e4 e5
2.Ng1f3 Ng8f6
3.Nf3xe5 d6
4.Ne5f3 Nf6xe4
5.Nb1c3 Ne4xc3
6.bxc3 Bc8g4
7.Bf1e2 Bf8e7
8.O-O O-O
9.h3 Bg4h5
10.g4 Bh5g6
11.d3 Nb8d7
12.d4 d5
13.Be2d3 c6
14.Bd3xg6 fxg6
15.Nf3e5 Nd7xe5
16.dxe5 Be7c5
17.Bc1b2 Qd8h4
18.Qd1e2 Qh4xh3
19.Ra1d1 Rf8f4
20.Rd1d3 Rf4xg4
21.Rd3g3 Rg4xg3
0-1

[Event "Défi"]
[Site "www.echecsemail.com"]
[Date "2026.01.19"]
[Round "1"]
[White "Fredbauduret"]
[Black "Khamis"]
[WhiteElo "1970"]
[BlackElo "1830"]
[Result "0-1"]
1.d4 d5
2.c4 c6
3.Nb1c3 Ng8f6
4.Ng1f3 Bc8f5
5.e3 h6
6.Qd1b3 Qd8b6
7.Qb3xb6 axb6
8.cxd5 cxd5
9.Bf1b5 Nb8c6
10.O-O e6
11.Nf3e5 Ra8c8
12.a4 Bf8d6
13.Ne5f3 O-O
14.Bc1d2 Nf6e4
15.Nc3xe4 Bf5xe4
16.Bb5e2 Nc6b4
17.a5 bxa5
18.Ra1xa5 Nb4c6
19.Ra5a2 Nc6b4
20.Ra2a4 Nb4c6
21.Rf1a1 Kh7
22.b4 Be4c2
23.Ra4a2 Bc2e4
24.b5 Nc6b4
25.Ra2b2 Nb4d3
26.Be2xd3 Be4xd3
27.b6 Rc8a8
28.Ra1a7 Bd3a6
29.Rb2a2 Ra8xa7
30.bxa7 Rf8a8
31.Bd2a5 Ra8xa7
32.Ba5b6 Ra7a8
33.h3 Ra8c8
34.g3 f6
35.Kg2 Rc8c6
36.Bb6a5 e5
37.dxe5 fxe5
38.Ra2a1 Rc6c2
39.Ba5d2 e4
40.Bd2e1 exf3
41.Kg1 Bd6e5
42.Ra1d1 Ba6c4
43.Kh2 b5
44.h4 Rc2b2
45.Kh3 b4
46.Kg4 b3
47.Kf5 Be5f6
48.e4 Rb2e2
49.exd5 Re2e5
50.Kf4 Re5xd5
{ abandon }0-1

[Event "Tournoi n27393"]
[Site "www.echecsemail.com"]
[Date "2026.01.19"]
[Round "1"]
[White "Verson"]
[Black "Geantvert"]
[WhiteElo "1870"]
[BlackElo "1840"]
[Result "1/2-1/2"]
1.d4 d5
2.Ng1f3 g6
3.Bc1f4 Bf8g7
4.e3 Ng8f6
5.Bf1d3 O-O
6.Nb1d2 b6
7.O-O Bc8a6
8.Bd3xa6 Nb8xa6
9.c4 dxc4
10.Nd2xc4 c5
11.a3 Nf6e4
12.Qd1c2 Ne4d6
13.Ra1c1 Qd8d7
14.Nf3e5 Qd7c7
15.Ne5g4 Qc7d7
16.Nc4e5 Qd7b7
17.Rf1d1 Ra8c8
18.Qc2d3 cxd4
19.exd4 Nd6f5
20.Qd3d2 Na6c7
21.Ng4h6 Nf5xh6
22.Bf4xh6 Nc7e6
23.Bh6xg7 Kxg7
24.d5 Ne6c5
25.Qd2e3 Nc5d7
26.Qe3d4 Nd7xe5
27.Qd4xe5 Kg8
28.h3 Qb7d7
29.b4 Rf8d8
30.Rc1xc8 Rd8xc8
31.d6 exd6
32.Rd1xd6 Qd7c7
33.Qe5d5 Qc7c1
34.Kh2 Qc1xa3
35.Rd6d8 Rc8xd8
36.Qd5xd8 Kg7
37.Qd8d4 Kg8
38.Qd4d8 Kg7
{ nul }1/2-1/2

[Event "Tournoi n27395"]
[Site "www.echecsemail.com"]
[Date "2026.01.19"]
[Round "1"]
[White "Mokanne"]
[Black "Tiounet"]
[WhiteElo "1420"]
[BlackElo "1660"]
[Result "1/2-1/2"]
1.e4 a6
2.Ng1f3 b5
3.g4 Bc8b7
4.d3 g6
5.Bf1g2 Bf8g7
6.O-O e6
7.c3 Ng8e7
8.g5 O-O
9.Nb1d2 c5
10.Ra1b1 Nb8c6
11.Qd1c2 d5
12.Rf1e1 dxe4
13.dxe4 c4
14.e5 Qd8c7
15.b3 Nc6xe5
16.Nf3xe5 Bb7xg2
17.Kxg2 Bg7xe5
18.Nd2e4 Qc7c6
19.f3 Ra8c8
20.f4 cxb3
21.Rb1xb3 b4
22.Bc1d2 Ne7d5
23.fxe5 a5
24.a3 Rc8c7
25.Kg3 Rf8c8
26.Re1c1 bxc3
27.Bd2xc3 Nd5xc3
28.Ne4xc3 Qc6c5
29.Qc2e2 Qc5d4
30.Qe2e1 Rc7c4
31.Rc1c2 a4
32.Nc3e2 Qd4e4
33.Rc2xc4 Qe4xc4
34.Rb3b4 Qc4d3
35.Kf2 Qd3xa3
36.Qe1d2 Qa3a1
37.Kg2 a3
38.Rb4a4 Qa1b2
39.Qd2xb2 axb2
40.Ra4b4 Rc8c2
41.Kf1 Rc2d2
42.Ke1 Rd2c2
43.h4 Kg7
44.Kd1 Rc2c5
45.Rb4xb2 Rc5xe5
46.Rb2b4 h6
47.Rb4g4 Re5f5
48.gxh6 Kxh6
49.Rg4f4 Rf5xf4
50.Ne2xf4 e5
51.Nf4g2 f5
52.Ke2 Kh5
53.Kf3 g5
54.hxg5 Kxg5
55.Ke3 Kg4
56.Ng2e1 Kg3
57.Ne1f3 e4
58.Nf3d2 Kg4
59.Nd2f1 Kg5
60.Nf1d2 Kg4
{ nul }1/2-1/2

[Event "Tournoi n27295"]
[Site "www.echecsemail.com"]
[Date "2026.01.19"]
[Round "1"]
[White "Kaelstrum"]
[Black "Philoconche"]
[WhiteElo "1470"]
[BlackElo "1490"]
[Result "1-0"]
1.e4 e5
2.Ng1f3 Nb8c6
3.Bf1b5 a6
4.Bb5xc6 dxc6
5.h3 Ng8f6
6.O-O Bf8d6
7.d4 Nf6xe4
8.Rf1e1 Bc8f5
9.dxe5 Bd6c5
10.Qd1xd8 Ra8xd8
11.Bc1f4 O-O
12.Bf4e3 b5
13.Nb1d2 Bc5xe3
14.Nd2xe4 Be3b6
15.c3 Bf5xe4
16.Re1xe4 Rd8d7
17.e6 Rd7e7
18.Ra1e1 fxe6
19.Re4xe6 Re7xe6
20.Re1xe6 c5
21.Re6e7 b4
22.c4 a5
23.b3 Rf8d8
24.Kh2 c6
25.Re7b7 Rd8d1
26.Rb7xb6 { abandon }1-0

[Event "Tournoi n27395"]
[Site "www.echecsemail.com"]
[Date "2026.01.19"]
[Round "1"]
[White "Patau"]
[Black "Tiounet"]
[WhiteElo "1700"]
[BlackElo "1660"]
[Result "1-0"]
1.e4 a6
2.d4 b5
3.c4 bxc4
4.Bf1xc4 e6
5.Ng1f3 Bc8b7
6.d5 e5
7.O-O g6
8.Nb1c3 Bf8g7
9.Bc1g5 Qd8c8
10.Qd1d2 Ng8e7
11.Bg5xe7 Kxe7
12.d6 cxd6
13.Nc3d5 Kf8
14.Ra1c1 Qc8d8
15.Qd2g5 Qd8xg5
16.Nf3xg5 Nb8c6
17.Ng5f3 Nc6a5
18.Rf1e1 Na5xc4
19.Rc1xc4 Bb7xd5
20.exd5 f6
21.Re1c1 Kf7
22.Rc4c7 Ke7
23.Rc7b7 Rh8c8
24.Rb7c7 Rc8xc7
25.Rc1xc7 e4
26.Nf3d4 f5
27.Rc7c4 a5
28.b3 Ra8b8
29.f3 Rb8b4
30.Rc4xb4 axb4
31.Nd4b5 Bg7c3
32.fxe4 fxe4
33.Kf2 Bc3d2
34.Ke2 e3
35.a4 h5
36.a5 Kd8
37.Nb5xd6 Kc7
38.Nd6c4 Kb7
39.Nc4xe3 Bd2c3
40.Ne3c4 g5
41.Kd3 h4
42.h3 Ka6
43.Ke4 Bc3f6
44.Kf5 Bf6d8
45.Nc4b6 Bd8xb6
46.axb6 Kxb6
47.Kxg5 Kc5
48.Kxh4 Kd4
49.g4 Kc3
50.g5 Kxb3
51.g6 Ka2
52.d6 b3
53.g7 b2
54.g8Q Ka1
55.Qg8g7 Ka2
56.Qg7xb2 { abandon }1-0

[Event "Transval"]
[Site "www.echecsemail.com"]
[Date "2026.01.19"]
[Round "1"]
[White "Mindthegap"]
[Black "Karting"]
[WhiteElo "1420"]
[BlackElo "1590"]
[Result "0-1"]
1.Ng1f3 d5
2.d4 Ng8f6
3.c4 e6
4.c5 c6
5.Bc1g5 Bf8e7
6.Nb1c3 O-O
7.a3 Nb8d7
8.Nf3e5 Qd8c7
9.Bg5f4 Nd7xe5
10.dxe5 Nf6h5
11.e3 Nh5xf4
12.exf4 Be7xc5
13.Nc3a4 Bc5e7
14.Ra1c1 Bc8d7
15.Bf1e2 c5
16.O-O b6
17.Be2d3 h6
18.Bd3b1 Bd7xa4
19.Qd1d3 g6
20.h4 Be7xh4
21.g3 Bh4e7
22.f5 exf5
{ abandon }0-1

[Event "Transval 3"]
[Site "www.echecsemail.com"]
[Date "2026.01.19"]
[Round "1"]
[White "Sam"]
[Black "Patau"]
[WhiteElo "1670"]
[BlackElo "1720"]
[Result "1-0"]
1.e4 e5
2.Bf1c4 c6
3.Qd1f3 d5
4.exd5 cxd5
5.Bc4xd5 Bc8e6
6.Bd5xb7 Ng8f6
7.Bb7xa8 Bf8c5
8.Ba8c6 Nb8xc6
9.Qf3xc6 { abandon }1-0

[Event "Défi( 10J+24H/c 10J Max )"]
[Site "www.echecsemail.com"]
[Date "2026.01.19"]
[Round "1"]
[White "Sierra117"]
[Black "Matsonic"]
[WhiteElo "1650"]
[BlackElo "1820"]
[Result "1-0"]
1.e4 c5
2.Ng1f3 d6
3.d4 cxd4
4.Nf3xd4 a6
5.Bf1c4 e6
6.Bc1e3 Ng8f6
7.f3 Bf8e7
8.Qd1d2 b5
9.Bc4b3 e5
10.Nd4f5 Be7f8
11.Be3g5 h6
12.Bg5h4 g5
13.Bh4f2 Nb8c6
14.c3 Nc6a5
15.Qd2d3 Na5xb3
16.axb3 Bc8xf5
17.exf5 d5
18.Nb1d2 Ra8c8
19.Ra1c1 Bf8c5
20.O-O Bc5xf2
21.Rf1xf2 O-O
22.Rf2f1 Kh8
23.Rf1e1 Qd8e8
24.Re1e2 Nf6h5
25.Re2e3 Nh5f4
26.Qd3b1 f6
27.g3 d4
28.cxd4 Rc8xc1
29.Qb1xc1 Nf4d5
30.Re3e4 h5
31.Qc1c5 Qe8d8
32.dxe5 Rf8e8
33.e6 Qd8b6
34.Qc5xb6 Nd5xb6
35.Re4d4 a5
36.Rd4d6 Nb6c8
37.Rd6a6 Re8d8
38.Nd2e4 Kg7
39.Ra6xa5 Rd8d1
40.Kf2 Rd1d5
41.g4 h4
42.h3 Rd5d1
43.Ra5xb5 Nc8d6
44.Ne4xd6 Rd1xd6
45.Rb5b7 Kf8
46.Rb7f7 Ke8
47.Rf7xf6 Rd6d2
48.Kg1 Rd2d1
49.Kf2 Rd1d2
50.Ke1 Rd2h2
51.Kf1 Rh2xh3
52.Kg2 Rh3g3
53.Kf2 Ke7
54.Rf6f7 Ke8
55.Rf7g7 Rg3h3
56.Ke3 Rh3h1
57.Rg7xg5 { abandon }1-0

[Event "Défi"]
[Site "www.echecsemail.com"]
[Date "2026.01.19"]
[Round "1"]
[White "Roschecx"]
[Black "Tartu"]
[WhiteElo "1620"]
[BlackElo "1710"]
[Result "1-0"]
1.e4 e6
2.d4 d5
3.e5 c5
4.c3 Nb8c6
5.Ng1f3 cxd4
6.cxd4 Qd8b6
7.a3 Bc8d7
8.Bf1e2 Ng8e7
9.O-O Ne7g6
10.Nb1c3 Bf8e7
11.Ra1b1 O-O
12.Bc1e3 Ra8c8
13.Qd1d2 h6
14.b4 a6
15.Nc3a4 Qb6d8
16.Na4c5 Be7xc5
17.bxc5 Rc8c7
18.Be3xh6 Nc6e7
19.Bh6e3 Ne7f5
20.Be3g5 f6
21.exf6 gxf6
22.Bg5h6 Nf5xh6
23.Qd2xh6 Kf7
24.Qh6h7 Ke8
25.Qh7xg6 Rf8f7
26.Nf3d2 Ke7
27.Nd2f3 Qd8f8
28.Qg6c2 Bd7c6
29.Nf3h4 Qf8h6
30.g3 Rf7g7
31.Nh4g2 Bc6d7
32.h4 Bd7c6
33.Qc2c1 Qh6h7
34.Qc1d2 f5
35.Kh2 Qh7h8
36.Be2f3 Rc7c8
37.Rf1e1 Rc8e8
38.Qd2e2 Rg7g6
39.Bf3h5 Re8g8
40.Bh5xg6 Rg8xg6
41.Ng2f4 Rg6f6
42.a4 Kd7
43.Nf4xe6 Qh8h6
44.Ne6f4 { abandon }1-0